Types of Doughnuts - Statistics

General Stats
  • This quiz has been taken 181 times
  • The average score is 6 of 14
Answer Stats
Picture Answer % Correct
Glazed
85%
Chocolate
79%
Churro
79%
Jelly
70%
Strawberry
62%
Boston Cream
50%
Powdered
47%
Cruller
30%
Cronut
21%
Berliner
10%
Vanilla Sprinkle
9%
Apple Cider
7%
Crumb
7%
Zeppole
1%
No matching quizzes found
Score Distribution
Percent of People with Each Score
Percentile by Number Answered
Your Score History
You have not taken this quiz